Vývoj základných ekonomických ukazovateľov podnikov vybraného odvetvia kultúrneho a kreatívneho priemyslu
Charakteristika kultúrneho a kreatívneho priemyslu. Oblasť tvorivých, umeleckých a zábavných činností a činností knižníc, archívov, múzeí a ostatných kultúrnych zariadení, ktoré v sebe zahŕňajú divadelnú, tanečnú a opernú činnosť, umelecké remeslá vychádzajúce z tradičných a ľudových remesiel a činn...
Guardado en:
| Autor principal: | |
|---|---|
| Formato: | Capítulo de libro |
| Lenguaje: | eslovaco |
| Materias: | |
| Etiquetas: |
Sin Etiquetas, Sea el primero en etiquetar este registro!
|
MARC
| LEADER | 00000naa$a2200000$$$4500 | ||
|---|---|---|---|
| 001 | 0269376 | ||
| 005 | 20240502074224.0 | ||
| 041 | 0 | |a slo | |
| 044 | |a SK | ||
| 245 | 1 | 0 | |a Vývoj základných ekonomických ukazovateľov podnikov vybraného odvetvia kultúrneho a kreatívneho priemyslu |c Monika Raková |
| 520 | |a Charakteristika kultúrneho a kreatívneho priemyslu. Oblasť tvorivých, umeleckých a zábavných činností a činností knižníc, archívov, múzeí a ostatných kultúrnych zariadení, ktoré v sebe zahŕňajú divadelnú, tanečnú a opernú činnosť, umelecké remeslá vychádzajúce z tradičných a ľudových remesiel a činnosti múzeí, galérií, knižníc, ktoré prispievajú k cirkulácii finančného a kultúrneho kapitálu. Zhodnotenie vybranej oblasti prostredníctvom základných ekonomických ukazovateľov, a to nákladov, výnosov a výsledku hospodárenia za roky 2009 až 2018. | ||
| 610 | 2 | 0 | |a priemysel kreatívny |
| 610 | 2 | 0 | |a priemysel kultúrny |
| 610 | 2 | 0 | |a ukazovatele ekonomické |
| 610 | 2 | 0 | |a náklady |
| 610 | 2 | 0 | |a výnosy |
| 610 | 2 | 0 | |a hospodárenie finančné |
| 100 | 1 | |a Raková, Monika, 1991- | |